000 01068nam0a2200301 4500
001 RU\NLR\ONL2\25006
005 20251214154353.0
035 _a(NLR Aleph) 010211961
090 _a13488445
_c13488445
100 _a20121121d1951 u y0rusy50 ca
101 0 _aaze
102 _aAZ
105 _aa |||||||||
200 1 _aАғҹиjәр вәрәми
_eтәләбәләр вә hәкимләр үчүн гыса рәhбәр
_fШәфи Әләкбәров
210 _aБакы
_cАзэрнэшр
_d1951
215 _a211 с.
_cил.
_d22
541 1 _6z01790
_aТуберкулез легких
_e[краткий справочник для врачей]
_zrus
606 0 _aТуберкулез легких
_9903650
_3RU\NLR\auth\668935
686 1 _aР542 я22
700 1 _aӘләкбәров
_bШ.
_gШәфи
_4070
790 1 _6z01541
_aАлекперов
_bШ.
_gШафи
_4070
801 0 _aRU
_bNLR
_c20130130
_gPSBO
852 _aNLR
_bОНЛ
_jАзерб./3-4217
942 _cBOOK
980 _aONL_RF
980 _aNB